Preservation of concentrated natural rubber latex with methylamine (Record no. 65646)

MARC details
000 -LEADER
fixed length control field 00455nam a2200169Ia 4500
100 ## - MAIN ENTRY--AUTHOR NAME
Personal name Mathew N M
245 #0 - TITLE STATEMENT
Title Preservation of concentrated natural rubber latex with methylamine
260 ## - PUBLICATION, DISTRIBUTION, ETC. (IMPRINT)
Name of publisher Rubber Board Bulletin
Year of publication 1976
300 ## - PHYSICAL DESCRIPTION
Number of Pages 58-66
650 ## - SUBJECT ADDED ENTRY--TOPICAL TERM
Topical Term Latex preservation
650 ## - SUBJECT ADDED ENTRY--TOPICAL TERM
Topical Term Natural rubber
700 ## - ADDED ENTRY--PERSONAL NAME
Personal name Kothandaraman R
700 ## - ADDED ENTRY--PERSONAL NAME
Personal name Thomas E V
700 ## - ADDED ENTRY--PERSONAL NAME
Personal name Varghese L
942 ## - ADDED ENTRY ELEMENTS (KOHA)
Koha item type Journals
Holdings
Withdrawn status Lost status Damaged status Not for loan Home library Current library Shelving location Date acquired Serial Enumeration / chronology Koha item type
      Journals RRII Library RRII Library Rubber chemistry 17/12/2021 Volume 13, Issue 3 Journals